| 000 | 01408nam a2200241Ia 4500 | ||
|---|---|---|---|
| 003 | Ost | ||
| 005 | 20260507075657.0 | ||
| 008 | 260507s9999||||xx |||||||||||||| ||und|| | ||
| 040 | _cfsecg | ||
| 041 | _aara | ||
| 082 | _a381.142 | ||
| 100 |
_aالعطار، عزة _eمؤلف |
||
| 245 | 0 |
_aالتجارة الالكترونية بين البناء والتطبيق / _c عزة العطار |
|
| 260 |
_aالاسكندرية: _bمنشأة المعارف, _c2003 |
||
| 300 |
_a326 صفحة؛ _bإيضاحات ؛ _c24 سم |
||
| 504 | _aمراجع ص.326 | ||
| 520 | _aأساسيات التجارة الالكترونية، تجارة التجزئة الالكترونية، سلوك المستهلك في التجارة الالكترونية، الاعلان في التجارة الالكترونية الانترانت والاكسترانت، التجارة الالكترونية بين الأعمال، التجارة الالكترونية في الصناعات الخدمية، نظم الدفع والسداد الالكترونية، استراتيجية التجارة الالكترونية وتطبيقها، السياسة العامة من القضايا القانونية إلى الخصوصية. | ||
| 653 | _aالالكترونيات | ||
| 653 | _aالتجارة الالكترونية | ||
| 653 | _aالمستهلك | ||
| 653 | _aتجارة التجزئة | ||
| 942 | _cكتاب | ||
| 999 |
_c45737 _d45737 |
||